000 01970nam a2200361 i 4500
001 000016512
003 DO-SdBNP
005 20230705113923.0
007 ta
008 100305s1983 dr abcd 001 0 spa d
040 _aDO-SdBNP
_bspa
_cBNPHU
_erda
041 _hspa
082 4 _a557.293
_bV364g, 1983
_222
100 _aVaughan, Thomas Wayland,
_d1870-1952
_936748
_eautor
245 1 0 _aUn reconocimiento geológico de la República Dominicana /
_cT. W. Vaughan.
264 _aSanto Domingo :
_bSociedad Dominicana de Bibliófilos :
_bEditora Santo Domingo,
_c1983.
300 _a306 páginas :
_bilustraciones, gráficos., mapas, retratos. ;
_c24 cm.
336 _2rdacontent
_atexto
_btxt
337 _2rdamedia
_asin mediación
_bn
338 _2rdacarrier
_avolumen
_bnc
490 0 _aCultura dominicana
_v48
500 _aIncluye referencias bibliográficas y notas al pie de las páginas.
504 _aBibliografía páginas 19-26
505 0 _aIntroducción /
_rThomas Wayland Vaughan --
_gBibliografía /
_rWendell Phillips Woodrings --
_tGeografía /
_rWythe Cooke --
_tGeología estratigráfica y de estructura e historia geológica /
_rWythe Cooke --
_tPaleontología estratigráfica terciaria y cuaternaria /
_rThomas Wayland Vaughan y Wendell Phillips Woodrings --
_tGeología e hidrografía de las inmediaciones de Montecristi --
_rClyde P. Ross --
_tGeología de las provincias de Barahona y Azua /
_rD. Dale Condit y Clyde P. Ross --
_tGeología económica /
_rD. Dale Condit y Clyde P. Ross .
533 _aFacsímil :
_bWashington :
_cUnited States Geological Survey :
_cSecretaría de Estado de Fomento y Comunicaciones de la República Dominicana,
_d1922.
590 _aInventariado, 2019/VM
650 4 _aGeología
_zRepública Dominicana
_91742
650 4 _aPaleontología
_91743
650 4 _aMinas
_zRepública Dominicana
_9744
650 4 _aTopografía
_zRepública Dominicana
_91741
910 _aValidado. Control de calidad EMS
942 _2ddc
_cLBS1
999 _c16046
_d16046